|
|
|
|
| LEADER |
01712cam a2200481 a 4500 |
| 001 |
nkc20102129312 |
| 003 |
CZ PrNK |
| 005 |
20130925104835.0 |
| 007 |
ta |
| 008 |
100916s2010 xr a g p 000 0 cze d |
| 015 |
|
|
|a cnb002129312
|
| 020 |
|
|
|a 978-80-7402-056-8
|q (brož.)
|
| 035 |
|
|
|a (OCoLC)746835638
|
| 040 |
|
|
|a KLG001
|b cze
|d ABA001
|
| 072 |
|
7 |
|a 33
|x Ekonomie
|2 Konspekt
|9 4
|
| 072 |
|
7 |
|a 37.016
|x Učební osnovy. Vyučovací předměty. Učebnice
|2 Konspekt
|9 22
|
| 080 |
|
|
|a 33
|2 MRF
|
| 080 |
|
|
|a 373.5.016
|2 MRF
|
| 080 |
|
|
|a 37.091.274/.275
|2 MRF
|
| 080 |
|
|
|a (075)
|2 MRF
|
| 100 |
1 |
|
|a Zlámal, Jaroslav,
|d 1947-
|7 jn20010309444
|4 aut
|
| 245 |
1 |
0 |
|a Ekonomie nejen k maturitě.
|n 1. díl,
|p Obecná ekonomie /
|c Jaroslav Zlámal, Zdeněk Mendl
|
| 246 |
3 |
0 |
|a Obecná ekonomie
|
| 246 |
3 |
0 |
|a Ekonomie k maturitě
|
| 250 |
|
|
|a Vyd. 3.
|
| 260 |
|
|
|a Kralice na Hané :
|b Computer Media,
|c 2010
|
| 300 |
|
|
|a 128 s. :
|b il. (převážně barev.) ;
|c 30 cm
|
| 500 |
|
|
|a Údaj na obálce: aktualizované 3. vyd.
|
| 504 |
|
|
|a Obsahuje bibliografii a bibliografické odkazy
|
| 650 |
0 |
7 |
|a ekonomie
|7 ph114430
|2 czenas
|
| 650 |
0 |
7 |
|a učivo středních škol
|7 ph136702
|2 czenas
|
| 650 |
0 |
7 |
|a maturitní zkoušky
|7 ph136836
|2 czenas
|
| 650 |
0 |
9 |
|a economics
|2 eczenas
|
| 650 |
0 |
9 |
|a secondary school curriculum
|2 eczenas
|
| 650 |
0 |
9 |
|a high school equivalency examinations
|2 eczenas
|
| 655 |
|
7 |
|a učebnice
|7 fd133770
|2 czenas
|
| 655 |
|
9 |
|a textbooks
|2 eczenas
|
| 700 |
1 |
|
|a Mendl, Zdeněk
|7 xx0071436
|4 aut
|
| 910 |
2 |
|
|a BOA001
|b 4-1309.780,1
|
| 990 |
|
|
|a BK
|
| 995 |
|
|
|a 01
|
| 991 |
|
|
|b 201309
|e n
|
| 996 |
6 |
|
|b 2610562806
|c 4-1309.780,1
|l MZK
|r Sklad / do 1 hodiny
|n 2
|p kup
|w 001339426
|u 000010
|a 1
|e BOA001
|j MZK50
|s P
|